[Event "IND-ch Women 2019"]
[Site "Karaikkudi"]
[Date "2019.07.23"]
[Round "7.17"]
[White "Shah, Vishwa"]
[Black "Chitlange Sakshi"]
[Result "*"]
[WhiteElo "1734"]
[BlackElo "2168"]
[Annotator "TA"]
[PlyCount "29"]
[EventDate "2019.07.19"]
[EventType "swiss"]
[EventCountry "IND"]
[SourceTitle "playchess.com"]
[Source "ChessBase"]
[SourceQuality "1"]

{[%evp 12,21,34,34,33,20,16,19,25,4,31,8]} 1. e4 c6 2. d4 d5 3. e5 Bf5 4. Nf3 e6 5. Be2 Nd7 6. O-O h6 7. Nbd2 Ne7 {B12: Caro-Kann: Advance Variation} 8. Nb3 Qc7 9. a4 {[%cal Ba2a4,Ba4a5][%mdl 32]} g5 10. a5 Bg7 11. Bd2 {Predecessor:} c5 $146 12. Nxc5 Nxc5 13. dxc5 Qxc5 14. Be3 Qc7 15. Bb5+ {0-1 (52) Pijpers,A (2465)-Matlakov,M (2730) Antalya 2017} *

[Event "IND-ch Women 2019"]
[Site "Karaikkudi"]
[Date "2019.07.23"]
[Round "7.18"]
[White "Varshini, V."]
[Black "Sunyuktha C M N"]
[Result "1-0"]
[WhiteElo "2087"]
[BlackElo "1815"]
[Annotator "NA"]
[PlyCount "47"]
[EventDate "2019.07.19"]
[EventType "swiss"]
[EventCountry "IND"]
[SourceTitle "playchess.com"]
[Source "ChessBase"]
[SourceQuality "1"]
[TimeControl "40/5400+30:1800+30"]

{[%evp 10,41,22,32767,32767,32767,32767,32767,32767,32767,-16,-22,0,0,-12,-9,0,0,0,-18,30,0,0,0,36,8,244,258,245,248,510,289,336,360]} 1. e4 {[%emt 0:00:00]} c5 {[%emt 0:00:13]} 2. Nf3 {[%emt 0:00:00]} d6 {[%emt 0:00:05]} 3. d4 {[%emt 0:00:00]} cxd4 {[%emt 0:00:05]} 4. Nxd4 {[%emt 0:00:00]} Nf6 {[%emt 0:00:07]} 5. Nc3 {[%emt 0:00:02]} a6 {[%emt 0:00:17]} 6. Be2 {[%emt 0:00:06]} e5 {[%emt 0:00:31]} 7. Nb3 {[%emt 0:00:20]} Be7 {[%emt 0:00:25]} 8. O-O {[%emt 0:00:07]} O-O {[%emt 0:05:40]} 9. f4 {[%emt 0:04:23]} Nbd7 {[%emt 0:16:35]} 10. a4 {[%emt 0:07:12]} exf4 {[%emt 0:14:14]} 11. Bxf4 {[%emt 0:01:25]} Ne5 {[%emt 0:00:13]} 12. Kh1 {[%emt 0:02:09]} Be6 {[%emt 0:11:06]} 13. Nd4 {[%emt 0:02:40] B92: Sicilian Najdorf: 6 Be2} Qa5 {[%emt 0:04:07]} (13... Rc8 14. Nxe6 fxe6 15. Qb1 Rc6 16. Qa2 Qc8 17. Qb3 Kh8 18. Rad1 Re8 19. Bd3 Bd8 {½-½ (50) Schaefer,M (2375)-Nielsen,P (2651) Baden-Baden 2007}) 14. Qd2 $146 {[%emt 0:05:05]} ({Predecessor:} 14. Nf5 Bxf5 15. exf5 Rfd8 16. Bd2 Qc7 17. a5 Nc4 18. Bxc4 Qxc4 19. Be3 d5 20. Na4 Qe4 {1-0 (30) Boulahfa,H (2000)-Bijlsma,N (1869) Maastricht 2008}) 14... Rfc8 {[%emt 0:06:42]} 15. Rad1 {[%emt 0:10:51]} (15. Nd5 $5 Qd8 16. Nxe6 (16. Nxe7+ Qxe7 17. Bd3 Qc7 $11) 16... fxe6 17. Nxf6+ Bxf6 18. Rad1 $14) 15... Qb6 {[%emt 0:25:44]} 16. Qc1 {[%emt 0:09:25]} Nc4 {[%emt 0:04:40]} 17. b3 {[%emt 0:06:04]} Na5 $2 {[%emt 0:01:42] [#]} (17... Ne5 $11 {and Black stays safe.} 18. Nd5 (18. Nxe6 Rxc3 19. Nd4 Nxe4 $11) 18... Bxd5 19. exd5 Bf8) 18. Nd5 $1 {[%emt 0:02:52]} Bxd5 {[%emt 0:01:40]} 19. exd5 {[%emt 0:00:06]} Ne4 $2 {[%emt 0:01:10]} (19... Qc7 {keeps fighting.} 20. Bh6 gxh6 21. Qxh6 Qd8 22. Rxf6 Qf8) 20. Bf3 {[%emt 0:02:16]} (20. Qe3 $142) 20... Nc3 {[%emt 0:01:09]} 21. Rd3 $18 {[%emt 0:00:29]} Bf6 {[%emt 0:00:21]} 22. Qd2 {[%emt 0:00:46]} Na2 {[%emt 0:00:58]} 23. Nf5 {[%emt 0:01:52]} Rd8 {[%emt 0:02:11]} 24. c4 {[%emt 0:01:40]} 1-0

[Event "IND-ch Women 2019"]
[Site "Karaikkudi"]
[Date "2019.07.23"]
[Round "7.19"]
[White "Meenal Gupta"]
[Black "Pandey Srishti"]
[Result "1/2-1/2"]
[WhiteElo "2004"]
[BlackElo "1882"]
[Annotator "NA"]
[PlyCount "84"]
[EventDate "2019.07.19"]
[EventType "swiss"]
[EventCountry "IND"]
[SourceTitle "playchess.com"]
[Source "ChessBase"]
[SourceQuality "1"]
[TimeControl "40/5400+30:1800+30"]

{[%evp 14,68,27,37,32767,32767,32767,32767,32767,32767,32767,28,44,50,45,15,18,20,16,-33,31,44,51,-10,44,0,5,0,146,17,28,9,10,15,16,12,6,0,18,-19,14,10,3,0,24,29,46,27,32767,32767,32767,32767,32767,32767,32767,32767,64]} 1. e4 {[%emt 0:00:00]} e5 {[%emt 0:00:00]} 2. Nf3 {[%emt 0:00:00]} Nc6 {[%emt 0:00:00]} 3. Bb5 {[%emt 0:00:00]} a6 {[%emt 0:00:00]} 4. Ba4 {[%emt 0:00:00]} Nf6 {[%emt 0:00:00]} 5. O-O {[%emt 0:00:00]} b5 {[%emt 0:00:05]} 6. Bb3 {[%emt 0:00:07]} Be7 {[%emt 0:00:03]} 7. Re1 {[%emt 0:00:07]} d6 {[%emt 0:00:21]} 8. c3 {[%emt 0:00:06]} O-O {[%emt 0:00:06]} 9. h3 {[%emt 0:00:03]} Bb7 {[%emt 0:00:37]} 10. d4 {[%emt 0:00:18]} Re8 {[%emt 0:00:12]} 11. Nbd2 {[%emt 0:03:32]} exd4 {[%emt 0:00:18] C92: Closed Ruy Lopez: 9...Be6, Karpov and Flohr-Zaitsev Variations} (11... Bf8 12. a3 g6 13. Ba2 Bg7 14. b4 exd4 15. cxd4 a5 16. Rb1 axb4 17. d5 Ne5 18. Nxe5 dxe5 19. Rxb4 c6 20. dxc6 Bxc6 21. Qf3 Bf8 22. Rb1 {1-0 (33) Topalov,V (2740)-Mamedyarov,S (2790) Shamkir 2019}) 12. cxd4 {[%emt 0:00:51]} Na5 {[%emt 0:00:10]} 13. Bc2 $1 {[%emt 0:00:14]} Nd7 {[%emt 0:00:11]} 14. Nf1 {[%emt 0:17:23]} Bf6 {[%emt 0:00:05]} 15. Ng3 {[%emt 0:00:05]} g6 {[%emt 0:01:12]} 16. Bf4 {[%emt 0:00:25]} Nf8 {[%emt 0:04:01]} (16... c5 $11) 17. b3 {[%emt 0:10:03]} c5 {[%emt 0:08:54] [#]} 18. Be3 $146 {[%emt 0:05:12]} ({Better is Predecessor:} 18. d5 $14 Bxa1 19. Qxa1 {1-0 (36) Gopal,G (2575)-Narayanan,S (2459) Kolkata 2015}) 18... Nd7 {[%emt 0:07:50]} ({Better is} 18... Nc6 $11) 19. Rc1 {[%emt 0:02:18]} Nc6 {[%emt 0:00:46]} 20. Bb1 {[%emt 0:01:30]} Qe7 {[%emt 0:15:22] [#]} (20... Nxd4 $11 21. Nxd4 cxd4 22. Bxd4 Nc5) 21. Qd2 {[%emt 0:13:14]} ({White has to play} 21. e5 $1 $16 {[%cal Re5f6][%mdl 512]} dxe5 22. dxc5) 21... Rac8 {[%emt 0:02:17]} 22. d5 {[%emt 0:07:57]} Nce5 {[%emt 0:05:56]} 23. Nxe5 {[%emt 0:00:07]} Bxe5 {[%emt 0:00:16]} 24. f4 {[%emt 0:00:09]} Bg7 {[%emt 0:00:12]} 25. Re2 {[%emt 0:00:51]} b4 {[%emt 0:01:54]} 26. Qe1 {[%emt 0:04:08]} Nb6 {[%emt 0:06:51]} 27. Qf2 {[%emt 0:01:25]} Bc3 {[%emt 0:03:00]} 28. Rd1 {[%emt 0:04:54]} Nd7 {[%emt 0:05:55]} 29. Bd3 {[%emt 0:00:57]} Qh4 {[%emt 0:02:21]} 30. Kh2 {[%emt 0:00:49]} Nf6 {[%emt 0:16:01]} 31. Qf3 {[%emt 0:00:02]} h5 {[%emt 0:01:16]} 32. Kg1 {[%emt 0:00:02]} Nd7 {[%emt 0:00:39]} 33. Kh1 {[%emt 0:01:02]} Qe7 {[%emt 0:01:35]} 34. Bd2 {[%emt 0:02:56]} Bg7 $14 {[%emt 0:00:45]} 35. Rde1 {[%emt 0:01:55]} Qd8 {[%emt 0:02:00]} 36. Nf1 {[%emt 0:01:16]} Nf6 {[%emt 0:02:21]} 37. Ne3 {[%emt 0:00:53]} h4 {[%emt 0:00:02]} 38. Nf1 {[%emt 0:05:06]} Rc7 {[%emt 0:02:05]} 39. Bc4 {[%emt 0:01:32]} Rce7 {[%emt 0:03:06]} 40. Qd3 {[%emt 0:00:00]} Kh7 {[%emt 0:00:00]} 41. Qf3 {[%emt 0:16:34]} Kg8 {[%emt 0:06:05]} 42. Qd3 {[%emt 0:00:18]} Kh7 {[%emt 0:00:15]} 1/2-1/2

[Event "IND-ch Women 2019"]
[Site "Karaikkudi"]
[Date "2019.07.23"]
[Round "7.20"]
[White "Bindu, Saritha K."]
[Black "Sanskriti Goyal"]
[Result "0-1"]
[WhiteElo "1538"]
[BlackElo "1948"]
[Annotator "NA"]
[PlyCount "108"]
[EventDate "2019.07.19"]
[EventType "swiss"]
[EventCountry "IND"]
[SourceTitle "playchess.com"]
[Source "ChessBase"]
[SourceQuality "1"]
[TimeControl "40/5400+30:1800+30"]

1. d4 {[%emt 0:00:00]} Nf6 {[%emt 0:00:00]} 2. Nf3 {[%emt 0:00:02]} g6 {[%emt 0:00:07]} 3. Bf4 {[%emt 0:00:13]} Bg7 {[%emt 0:00:06]} 4. e3 {[%emt 0:00:13]} d6 {[%emt 0:00:06]} 5. h3 {[%emt 0:01:47]} O-O {[%emt 0:00:08]} 6. Be2 {[%emt 0:00:04]} Nbd7 {[%emt 0:00:04]} 7. O-O {[%emt 0:00:26]} Qe8 {[%emt 0:00:15]} 8. Bh2 {[%emt 0:02:45]} e5 {[%emt 0:00:50] A48: 1 d4 Nf6 2 Nf3 g6: Torre, London and Colle Systems} 9. d5 $146 {[%emt 0:04:27]} (9. a4 $14) ({Predecessor:} 9. Na3 exd4 10. exd4 Qd8 11. c4 Re8 12. Bd3 Nf8 13. Nb5 Bd7 14. Nc3 Qc8 15. Nd5 Ne6 16. Qd2 {1-0 (69) Naiditsch,A (2684)-Gupta,A (2626) Douglas 2016}) 9... e4 {[%emt 1:22:28]} 10. Ne1 {[%emt 0:00:30]} Qe7 11. c4 {[%emt 0:00:30]} Re8 {[%emt 0:01:00]} 12. Nc3 {[%emt 0:00:30]} a6 {[%emt 0:00:30]} 13. Nc2 {[%emt 0:00:30]} h5 {[%emt 0:00:30]} 14. Nd4 {[%emt 0:00:30]} h4 {[%emt 0:00:30]} 15. Rc1 {[%emt 0:00:30]} Nf8 {[%emt 0:00:30]} 16. b4 {[%emt 0:00:30]} N6h7 {[%emt 0:00:30]} 17. Nb3 {[%emt 0:00:30]} f5 {[%emt 0:00:30]} 18. c5 {[%emt 0:00:30]} Be5 {[%emt 0:00:30]} 19. Bxe5 {[%emt 0:00:30]} Qxe5 {[%emt 0:00:30]} 20. cxd6 {[%emt 0:00:30]} cxd6 {[%emt 0:00:30]} 21. Na4 {[%emt 0:00:30]} b5 {[%emt 0:00:30]} 22. Nb6 {[%emt 0:00:30]} Rb8 {[%emt 0:00:30]} 23. Nxc8 {[%emt 0:00:30]} Rexc8 {[%emt 0:00:30]} 24. Qd4 {[%emt 0:00:30]} Qxd4 {[%emt 0:00:30]} 25. Nxd4 {[%emt 0:00:30]} Rxc1 {[%emt 0:00:30]} 26. Rxc1 {[%emt 0:00:30]} Nd7 {[%emt 0:00:30]} 27. Rc7 {[%emt 0:00:30]} Nhf6 {[%emt 0:00:30]} 28. Nc6 {[%emt 0:00:30]} Ra8 {[%emt 0:00:30]} 29. Bd1 {[%emt 0:00:30]} Kg7 {[%emt 0:00:30]} 30. Bb3 {[%emt 0:00:30]} Kh6 {[%emt 0:00:30]} 31. f3 {[%emt 0:00:30]} exf3 {[%emt 0:00:30]} 32. gxf3 {[%emt 0:00:30]} Re8 {[%emt 0:00:30]} 33. Kf2 {[%emt 0:00:30]} Nb6 {[%emt 0:00:30]} 34. Ra7 {[%emt 0:00:30]} Nbxd5 {[%emt 0:00:30]} 35. Rxa6 {[%emt 0:00:30]} Rxe3 {[%emt 0:00:30]} 36. Nd4 {[%emt 0:00:30]} Rd3 {[%emt 0:00:30]} 37. Nxb5 {[%emt 0:00:30]} Nxb4 {[%emt 0:00:30]} 38. Rxd6 {[%emt 0:00:30]} Nfd5 {[%emt 0:00:30]} 39. Bc4 {[%emt 0:00:30]} Rd2+ {[%emt 0:00:30]} 40. Ke1 {[%emt 0:00:30]} Rb2 {[%emt 0:00:30]} 41. Bxd5 {[%emt 0:30:30]} Nd3+ {[%emt 0:30:30]} 42. Kf1 {[%emt 0:00:30]} Rxb5 {[%emt 0:00:30]} 43. Bf7 {[%emt 0:00:30]} Nf4 {[%emt 0:00:30]} 44. Kf2 {[%emt 0:00:30]} Kg5 {[%emt 0:00:30]} 45. Ke3 {[%emt 0:00:30]} Rb7 {[%emt 0:00:30]} 46. Bc4 {[%emt 0:00:30]} Nxh3 {[%emt 0:00:30]} 47. a4 {[%emt 0:00:30]} Rb4 {[%emt 0:00:30]} 48. Bf7 {[%emt 0:00:30]} Nf4 {[%emt 0:00:30]} 49. Be8 {[%emt 0:00:30]} Rb1 {[%emt 0:00:30]} 50. Rd2 {[%emt 0:00:30]} Re1+ {[%emt 0:00:30]} 51. Kf2 {[%emt 0:00:30]} Rxe8 {[%emt 0:00:30]} 52. Ra2 {[%emt 0:00:30]} h3 {[%emt 0:00:30]} 53. a5 {[%emt 0:00:30]} h2 {[%emt 0:00:30]} 54. Ra1 {[%emt 0:00:30]} Re2+ {[%emt 0:00:30]} 0-1

[Event "IND-ch Women 2019"]
[Site "Karaikkudi"]
[Date "2019.07.23"]
[Round "7.21"]
[White "Dhyana Patel"]
[Black "Abhirami Madabushi"]
[Result "0-1"]
[WhiteElo "1900"]
[BlackElo "1689"]
[Annotator "NA RC"]
[PlyCount "138"]
[EventDate "2019.07.19"]
[EventType "swiss"]
[EventCountry "IND"]
[SourceTitle "playchess.com"]
[Source "ChessBase"]
[SourceQuality "1"]
[TimeControl "40/5400+30:1800+30"]

1. e4 {[%emt 0:00:00]} c5 {[%emt 0:00:03]} 2. Nf3 {[%emt 0:00:00]} d6 {[%emt 0:00:04]} 3. Bb5+ {[%emt 0:00:17]} Bd7 {[%emt 0:00:06]} 4. Bxd7+ {[%emt 0:00:06]} Nxd7 {[%emt 0:00:04]} 5. O-O {[%emt 0:00:30]} Ngf6 {[%emt 0:00:12]} 6. Nc3 {[%emt 0:00:52]} g6 {[%emt 0:00:14] B52: Sicilian: Moscow Variation with 3...Bd7} 7. d4 {[%emt 0:02:05]} (7. d3 Bg7 8. h3 O-O 9. Be3 a6 10. Qd2 b5 11. Bh6 Rc8 12. Bxg7 Kxg7 13. Rae1 e6 14. Nd1 {1-0 (30) Delgado Ramirez,N (2615)-Perez Gormaz,M (2431) Antofagasta 2017}) 7... cxd4 {[%emt 0:00:06]} 8. Qxd4 {[%emt 0:00:15]} Bg7 {[%emt 0:00:25]} 9. Bg5 {[%emt 0:00:54]} O-O {[%emt 0:00:52]} 10. Qd2 {[%emt 0:00:10]} Rc8 {[%emt 0:00:20]} 11. Rfe1 {[%emt 0:01:30]} Nb6 $146 {[%emt 0:01:19]} ({Predecessor:} 11... Ng4 12. Nd5 Re8 13. Rad1 Nb6 14. c3 Nc4 15. Qe2 {0-1 (72) Sliwicki,D (2073)-Eggink,R (2162) Olsztyn 2013}) 12. Rad1 {[%emt 0:05:54]} Nc4 13. Qc1 {[%emt 0:00:30]} Qb6 14. Bxf6 {[%emt 0:00:30]} Bxf6 15. Nd5 {[%emt 0:00:30]} Qxb2 16. Qxb2 {[%emt 0:00:30]} Nxb2 17. Nxf6+ {[%emt 0:00:30]} exf6 18. Rb1 {[%emt 0:00:30]} Rxc2 19. Nd4 {[%emt 0:00:30]} Rc4 20. Nb5 {[%emt 0:00:30]} Nd3 21. Red1 {[%emt 0:00:30]} Nc5 22. Nxd6 {[%emt 0:00:30]} Ra4 23. f3 {[%emt 0:00:30]} b6 24. Rd2 {[%emt 0:00:30]} Ne6 25. Nb5 {[%emt 0:00:30]} Rd8 26. Rxd8+ {[%emt 0:00:30]} Nxd8 27. Nc3 {[%emt 0:00:30]} Ra3 28. Rb3 {[%emt 0:00:30]} Rxb3 29. axb3 {[%emt 0:00:30]} Nc6 30. Kf2 {[%emt 0:00:30]} Nd4 31. b4 {[%emt 0:00:30]} f5 32. exf5 {[%emt 0:00:30]} Nxf5 33. Ke2 {[%emt 0:00:30]} Kf8 34. f4 {[%emt 0:00:30]} Ke7 35. Kd3 {[%emt 0:00:30]} Kd7 36. Ke4 {[%emt 0:00:30]} Kc6 37. Ke5 {[%emt 0:00:30]} Ne3 38. g3 {[%emt 0:00:30]} Ng4+ 39. Kd4 {[%emt 0:00:30]} Nxh2 40. b5+ {[%emt 0:00:30]} Kb7 41. Ne4 {[%emt 0:30:30]} f5 42. Ng5 {[%emt 0:00:30]} h6 43. Nf7 {[%emt 0:00:30]} Nf1 44. Nxh6 {[%emt 0:00:30]} Nxg3 45. Nf7 {[%emt 0:00:30]} Ne4 46. Ne5 {[%emt 0:00:30]} g5 47. fxg5 {[%emt 0:00:30]} Nxg5 48. Nc4 {[%emt 0:00:30]} Nf7 $2 (48... f4 $19 {and Black stays clearly on top.} 49. Kc3 Kc7) 49. Ke3 $2 {[%emt 0:00:30]} (49. Kd5 $17) 49... Kc7 50. Kf4 {[%emt 0:00:30]} Nd6 51. Na3 {[%emt 0:00:30]} Kd7 52. Ke5 {[%emt 0:00:30] [#]} f4 $1 53. Kxf4 {[%emt 0:00:30]} Ke6 54. Nc2 {[%emt 0:00:30]} Kd5 55. Nb4+ {[%emt 0:00:30] [#]} Kc4 $1 56. Nc6 {[%emt 0:00:30]} Nxb5 57. Ke3 {[%emt 0:00:30]} a5 58. Kd2 {[%emt 0:00:30]} Kb3 59. Kc1 {[%emt 0:00:30]} Nc3 60. Nd4+ {[%emt 0:00:30]} Kc4 61. Nc6 {[%emt 0:00:30]} a4 62. Kb2 {[%emt 0:00:30]} b5 63. Ne5+ {[%emt 0:00:30]} Kd5 64. Nd3 {[%emt 0:00:30]} Kd4 65. Ne1 {[%emt 0:00:30]} Nd1+ 66. Kc2 {[%emt 0:00:30]} Ne3+ 67. Kb2 {[%emt 0:00:30]} b4 68. Nf3+ {[%emt 0:00:30]} Kc5 69. Ne5 {[%emt 0:00:30]} Nc4+ 0-1

[Event "IND-ch Women 2019"]
[Site "Karaikkudi"]
[Date "2019.07.24"]
[Round "8.1"]
[White "Nandhidhaa, P V"]
[Black "Kulkarni Bhakti"]
[Result "0-1"]
[WhiteElo "2259"]
[BlackElo "2388"]
[Annotator "TA"]
[PlyCount "66"]
[EventDate "2019.07.19"]
[EventType "swiss"]
[EventCountry "IND"]
[SourceTitle "playchess.com"]
[Source "ChessBase"]
[SourceQuality "1"]

{[%evp 19,78,6,3,12,11,0,0,-9,0,-8,0,-31,0,0,0,-10,-16,-13,0,-4,0,0,0,0,19,0,5,0,0,0,6,-12,-32,-29,-14,-24,-19,-59,-53,-64,-67,-193,-189,-202,-202,-208,-210,-177,-169,-242,-242,-248,-213,-920,-906,-5335,-5247,-29982,-29979,-29991,-29992]} 1. e4 d5 2. exd5 Qxd5 3. Nc3 Qa5 4. d4 c6 5. Nf3 Bf5 6. Bc4 Nf6 7. Bd2 Nbd7 8. Qe2 Qc7 9. Ne5 e6 10. Nxd7 Kxd7 11. O-O-O {B01: Scandinavian Defence} Rd8 12. Bg5 Kc8 13. Kb1 {The position is equal.} Be7 14. f3 Rd7 15. Bh4 $146 ({Predecessor:} 15. g3 Rhd8 16. Bf4 Bd6 {0-1 (85) Sedina,E (2338)-Sanchez,J (2541) Acqui Terme 2012}) 15... Rhd8 16. Bf2 h5 17. h3 Bg6 18. g4 a6 19. Rhg1 c5 {[%cal Rc5d4]} 20. g5 Nd5 21. Bxd5 exd5 22. dxc5 {Na4 is the strong threat.} d4 $36 {[%mdl 2048] Black has some pressure.} 23. Ne4 Bxc5 24. Bg3 Qc6 25. Nxc5 Qxc5 26. Rc1 b5 27. Ka1 Kb7 28. Bf4 Qf5 29. Qd2 Rc8 30. Rg2 ({White should play} 30. h4 $15) 30... Qxh3 31. Rf2 Qf5 32. Bh2 Qd5 33. Re2 {[#]} Qxf3 {Played: Bg6xc2} 0-1

[Event "IND-ch Women 2019"]
[Site "Karaikkudi"]
[Date "2019.07.24"]
[Round "8.2"]
[White "Vantika Agrawal"]
[Black "Michelle Catherina, P."]
[Result "*"]
[WhiteElo "2243"]
[BlackElo "2226"]
[Annotator "TA"]
[PlyCount "27"]
[EventDate "2019.07.19"]
[EventType "swiss"]
[EventCountry "IND"]
[SourceTitle "playchess.com"]
[Source "ChessBase"]
[SourceQuality "1"]

{[%evp 17,27,11,10,9,14,19,38,50,83,49,66,56]} 1. d4 Nf6 2. c4 e6 3. g3 d5 4. Bg2 Be7 5. Nf3 O-O 6. O-O dxc4 7. Qc2 c6 8. Qxc4 b5 9. Qc2 Bb7 10. Nc3 {D30: Queen's Gambit Declined: Systems without Nc3} (10. Bg5 Nbd7 11. Ne5 Nxe5 12. dxe5 Nd7 13. Bxe7 Qxe7 14. f4 f6 15. exf6 Nxf6 16. Nd2 e5 17. e3 exf4 18. exf4 Rae8 {½-½ (41) Radjabov,T (2756)-Karjakin,S (2753) Shamkir 2019}) 10... Nbd7 11. Rd1 Rc8 12. Ne5 a6 13. a3 a5 14. Nxd7 $146 ({Predecessor:} 14. Ne4 Nxe4 15. Bxe4 Nf6 16. Bg2 Qc7 17. Bf4 {½-½ (48) Tadic,K (2152)-Eric,J (2183) Pancevo 2010}) *

[Event "IND-ch Women 2019"]
[Site "Karaikkudi"]
[Date "2019.07.24"]
[Round "8.3"]
[White "Meenakshi Subbaraman"]
[Black "Pratyusha, Bodda"]
[Result "1-0"]
[WhiteElo "2163"]
[BlackElo "2265"]
[Annotator "TA"]
[PlyCount "101"]
[EventDate "2019.07.19"]
[EventType "swiss"]
[EventCountry "IND"]
[SourceTitle "playchess.com"]
[Source "ChessBase"]
[SourceQuality "1"]

{[%evp 20,101,0,-6,7,4,5,14,21,17,22,21,26,0,0,0,7,1,12,20,124,123,118,121,133,112,114,114,114,83,88,20,27,0,0,0,0,0,86,91,116,0,32,-43,-56,-45,38,43,25,5,6,5,5,9,51,0,0,12,6,0,0,0,0,0,18,-22,-11,-8,0,-49,35,43,216,212,217,213,217,215,221,207,510,489,734,709]} 1. d4 d5 2. c4 e6 3. Nf3 Nf6 4. g3 Be7 5. Bg2 O-O 6. O-O c6 7. Qc2 b6 8. Rd1 Bb7 9. Nbd2 Nbd7 10. b3 Rc8 11. Bb2 Qc7 {E09: Closed Catalan: Main Line: 7 Qc2 c6 8 Nbd2} 12. Rac1 Qb8 13. e4 Nxe4 {The position is equal.} (13... Rfd8 14. Ne1 c5 15. exd5 exd5 16. Qf5 dxc4 17. Nxc4 Bxg2 18. Nxg2 cxd4 19. Bxd4 Qb7 20. Nf4 {½-½ (29) Plat,V (2532)-Seifert,V (2359) Germany 2017}) 14. Nxe4 dxe4 15. Qxe4 c5 16. d5 Bf6 17. Qc2 exd5 18. cxd5 Qa8 19. Nh4 g6 $146 (19... Bxb2 $11 20. Qxb2 g6) ({Predecessor:} 19... Bxh4 20. gxh4 Rfe8 21. h5 h6 22. Qf5 Rcd8 23. Rc4 Qb8 24. Rg4 Ne5 25. Qf6 {1-0 (24) Bagonyai,A (2362)-Kiss,K (2049) Hungary 2007}) 20. Bxf6 Nxf6 {[#]} 21. Nf5 $1 {[%cal Rf5e7]} Rce8 22. Qb2 Qd8 23. d6 {aiming for Ne7+.} gxf5 24. Bxb7 Re6 25. d7 (25. Qd2 $16) 25... Qe7 $11 26. Qd2 Nxd7 27. Bd5 ({Much weaker is} 27. Qxd7 Re1+ 28. Kg2 Qxd7 $17) 27... Re5 28. Bc4 Nb8 (28... Re4 $11 {remains equal.}) 29. Qh6 $16 Re8 {[#]} 30. f4 (30. Rd6 $1 $16) 30... Re3 31. Qg5+ (31. Rd6 $14) 31... Qxg5 $15 32. fxg5 Kg7 (32... Nc6 $15) 33. Rd6 $14 {[%mdl 1024] White has compensation.} Rc8 34. Kf2 $36 {[%mdl 2048] White is pushing.} Re7 35. Bb5 Re6 36. Rcd1 a6 37. Bc4 Rxd6 38. Rxd6 $11 {[%mdl 4096] Endgame KRB-KRN} b5 39. Bd3 c4 $1 {[%cal Rc4d3]} 40. bxc4 bxc4 41. Bxf5 Rc5 42. g4 c3 43. Rd1 Ra5 44. Bb1 Rxg5 (44... Nc6 $15 45. Rc1 Ra3) 45. Bf5 $14 Kf6 $2 ({Better is} 45... Kh8 $14) 46. Rd8 $18 c2 47. Bxc2 {And now Bf5 would win.} Rc5 48. Bxh7 Nc6 49. Rc8 {Black must now prevent Be4.} Rc4 $2 (49... Ke5 {is tougher.} 50. Bd3 Rd5 51. Bxa6 (51. Rxc6 Rxd3 52. Rxa6 Kf4 $16) 51... Rd6) 50. Bd3 Rc5 (50... Rf4+ $142 51. Ke3 Ne7 52. Kxf4 Nxc8 53. g5+ Ke7 54. Bxa6 Nb6) 51. Be4 {Accuracy: White = 66%, Black = 39%.} 1-0

[Event "IND-ch Women 2019"]
[Site "Karaikkudi"]
[Date "2019.07.24"]
[Round "8.4"]
[White "Soumya, Swaminathan"]
[Black "Kiran, Manisha Mohanty"]
[Result "1-0"]
[WhiteElo "2402"]
[BlackElo "2054"]
[Annotator "TA"]
[PlyCount "121"]
[EventDate "2019.07.19"]
[EventType "swiss"]
[EventCountry "IND"]
[SourceTitle "playchess.com"]
[Source "ChessBase"]
[SourceQuality "1"]

{[%evp 9,121,37,37,28,29,21,22,28,26,16,25,25,11,4,15,15,24,15,19,0,5,-21,-12,-7,-2,-144,-5,-12,-11,-6,-21,-153,-155,-154,-159,-148,-154,-144,-148,-145,-152,-146,-162,-149,-115,-120,-112,-131,-75,-79,-68,-72,-68,-93,-51,-56,-56,-54,0,-13,0,-118,-96,-130,-130,-259,-254,-251,-185,-225,0,-211,-202,-361,-326,-91,0,0,0,0,0,0,491,470,29941,29947,1394,12848,12849,6115,5181,4460,29972,29974,29975,29977,29978,29979,29978,29980,29980,29981,29981,29982,29982,29983,29983,29984,29984,29985,29985,29986,29986,29984]} 1. d4 d5 2. c4 dxc4 3. Nf3 Nf6 4. e3 b5 5. a4 b4 6. Bxc4 {D25: Queen's Gambit Accepted: 4 e3: sidelines and 4...Bg4} e6 7. O-O (7. a5 a6 8. Nbd2 Bb7 9. O-O c5 10. Nb3 Nbd7 11. dxc5 Nxc5 12. Nxc5 Bxc5 {1-0 (45) Bluebaum,M (2631)-Anand,V (2776) Karlsruhe/Baden-Baden 2018}) 7... Be7 8. Qe2 {The position is equal.} Bb7 9. Rd1 Nbd7 10. b3 O-O 11. Bb2 c5 12. Nbd2 Rc8 13. e4 $146 ({Predecessor:} 13. dxc5) 13... cxd4 14. Nxd4 Qa5 {[#]} 15. Nxe6 $1 {[%mdl 512]} fxe6 16. Bxe6+ Kh8 {aiming for ...Rc2.} 17. e5 {[#]} (17. Nc4 $1 $11 {remains equal.} Rxc4 18. Qxc4) 17... Rce8 (17... Nd5 $1 $17 {[%cal Rd5f4]} 18. Bxd7 Rc2) 18. Nc4 $11 Qc7 19. exf6 Bxf6 20. Qg4 ({Don't play} 20. Rxd7 Qxd7 21. Bxd7 Rxe2 $17) (20. Nd6 $1 $11 Qc6 21. f3 Qb6+ 22. Qf2 Bxb2 23. Nf7+ Rxf7 24. Bxf7) 20... Bxb2 $17 21. Rxd7 Qc5 $36 {[%mdl 2048] Black is in control.} 22. Rf1 Bc8 23. Rd6 Be5 24. Nxe5 Qxe5 25. Bxc8 Qxd6 26. Bd7 Re7 27. Bb5 Qd2 28. Qd1 Qxd1 (28... Rd8 $142 29. Qh5 Qd6) 29. Rxd1 {[%mdl 4096] Endgame KRR-KRB} Rc8 30. h3 g6 31. Rd4 a5 32. Bc4 Rc5 33. f4 Re3 ({Black should play} 33... Kg7 $15) 34. Kf2 Rc3 35. Ke2 (35. Rd8+ $11 Kg7 36. Rd7+ Kh6 37. g4) 35... h5 36. Rd6 Kg7 37. Ra6 (37. h4 $17) 37... h4 $19 38. Ra7+ Kf8 39. Ra8+ Kg7 40. Ra7+ Kh6 41. Rd7 $2 (41. Ra8) 41... Rc2+ 42. Kf3 $2 (42. Kd1 $19 Rxg2 43. Bg8) 42... R5xc4 (42... Rf5 $17) 43. bxc4 $11 Rxc4 $17 {And now ...b3 would win. KR-KR} 44. Rb7 Rc3+ 45. Kg4 Ra3 $2 {[%mdl 8192]} (45... Rc2 $11) 46. Kxh4 $18 Rxa4 (46... Rc3 $18 47. g4 g5+ 48. fxg5+ Kg6 49. Rb6+ Kf7) 47. g4 {[%csl Gf4,Gh4][%cal Rg4g5]} g5+ 48. fxg5+ Kg6 49. Rb6+ Kg7 50. Kh5 Ra3 51. Rb7+ {White mates.} Kf8 52. h4 Re3 53. Kh6 Re4 54. g6 Rxg4 55. g7+ Kg8 56. Rb8+ Kf7 57. Rf8+ Ke7 58. g8=Q Rxg8 59. Rxg8 b3 60. Rb8 a4 61. Rb4 {Accuracy: White = 49%, Black = 52%.} 1-0